spanish 1-10 in 15 seconds - Statistics

General Stats
  • This quiz has been taken 698 times
  • The average score is 8 of 10
Answer Stats
Hint Answer % Correct
1 uno
100%
2 dos
99%
3 tres
98%
4 cuatro
81%
5 cinco
77%
6 seis
70%
7 siete
64%
8 ocho
62%
9 nueve
54%
10 diez
50%
No matching quizzes found
Score Distribution
Percent of People with Each Score
Percentile by Number Answered
Your Score History
You have not taken this quiz